000 00806nam a2200277Ia 4500
001 AUWbook002548
003 BDCtgAUW
005 20260406155217.0
008 220908s9999 xx 000 0 eng d
020 _a0805062394
040 _aBDCtgAUW
_cBDCtgAUW
100 1 _aJohnson, Chalmers A.
245 0 _aBlowback :
_bthe costs and consequences of american empire /
250 _aFirst edition.
260 _aNew York :
_bHenry Holt,
_c2000.
650 0 _aHistory of Americas.
650 0 _aImperialism
_xHistory
_y20th century.
_980182
650 0 _aIntervention (International law).
651 0 _aUnited States
_xForeign relations
_y1989.
_980183
651 0 _aUnited States
_xMilitary policy.
_978859
887 _a BRAC
_22982
888 _22982
942 _cBK
945 _cBK
999 _c18077
_d18077